|
|
|
|
| LEADER |
01226cam a2200277 7i4500 |
| 001 |
0000024534 |
| 005 |
20100601090000.0 |
| 020 |
0 |
0 |
|a 9789832220305
|
| 090 |
0 |
0 |
|a B 341.44809595
|b KAD
|
| 100 |
1 |
0 |
|a Kadir Mohamad
|
| 245 |
1 |
0 |
|a Malaysia's territorial disputes - two cases at the ICJ : Batu Puteh, Middle Rocks and South Ledge (Malaysia/ Singapore), Ligitan and Sipadan [and the Sabah claim] (Malaysia/ Indonesia/ Philippines) =
|l Pertikaian Wilayah Malaysia - dua kes di ICJ.
|
| 260 |
0 |
0 |
|a Kuala Lumpur:
|b Institute of Diplomacy and Foreign Relations (IDFR),
|c 2009.
|
| 300 |
# |
# |
|a 112 p.
|
| 650 |
0 |
0 |
|a Territorial waters --
|z Malaysia
|
| 650 |
0 |
0 |
|a Malaysia --
|x Foreign relations --
|z Singapore
|
| 650 |
0 |
0 |
|a Malaysia --
|x Foreign relations --
|z Philippines
|
| 650 |
0 |
0 |
|a Malaysia --
|x Foreign relations --
|z Indonesia
|
| 650 |
0 |
0 |
|a Malaysia --
|x Boundaries --
|z Singapore
|
| 650 |
0 |
0 |
|a Malaysia --
|x Boundaries --
|z Philippines
|
| 650 |
0 |
0 |
|a Malaysia --
|x Boundaries --
|z Indonesia
|
| 650 |
0 |
0 |
|a Territorial waters --
|z Philippines
|
| 650 |
0 |
0 |
|a Territorial waters --
|z Indonesia
|
| 651 |
0 |
0 |
|a Singapore
|
| 651 |
0 |
0 |
|a Malaysia
|
| 651 |
0 |
0 |
|a Indonesia
|
| 999 |
|
|
|a 0000026467
|b Book
|c Book
|e Business Information Centre
|